000 00401nam a2200145Ia 4500
005 20250310013904.0
008 240331s9999 xx 000 0 und d
082 _bIBS
_a812
100 _aIbson,
245 0 _aLuhso ge pathiwatha :
_bIbsonge bonikko
260 _aColombo
_bwomen's Education And research centre
300 _a116 p ., ( V 2)
500 _aits translate Conversation Drama,
942 _cL
999 _c5180
_d5180